| 000 | 00994nam a2200265Ia 4500 | ||
|---|---|---|---|
| 003 | GCL | ||
| 008 | 140319s9999 xx 000 0 ara d | ||
| 020 | _a102367977 | ||
| 040 |
_aGCL / _cGCL |
||
| 082 | 0 | 4 |
_a956.904 _bس ع |
| 100 | 1 | _aسامى الصلاحات | |
| 245 | 1 | 0 |
_aالعمليات الاستشهادية فى منظور السياسة الشرعية / _cسامى الصلاحات |
| 250 | _aالاولى | ||
| 260 |
_aالقاهرة : _bمركز الاعلام العربى ، _c2006 |
||
| 300 |
_a132 ص ؛ _c19 سم |
||
| 490 |
_aكتاب القدس _v30 |
||
| 650 | 0 | 4 | _aالنزاع العربى الاسرائيلى |
| 650 | 0 | 4 | _aالجهاد فى الاسلام |
| 650 | 0 | 4 | _aالانتفاضة الفلسطينية |
| 650 | 0 | 4 | _aالفدائيون الفلسطينيون |
| 650 | 0 | 4 | _aالشهداء - فلسطين - تاريخ |
| 650 | 0 | 4 | _aالعمليات الاستشهادية - تنظيم |
| 650 | 0 | 4 | _aالمجتمع الصهيونى |
| 942 |
_2ddc _cBK |
||
| 999 |
_c8964 _d8964 |
||